Modelo pedagógico centrado en el aprendizaje con convergencia de medios. Documento base 1 (Record no. 9014)
[ view plain ]
| 000 -LEADER | |
|---|---|
| campo de control de longitud fija | 00440nam a2200133Ia 4500 |
| 001 - NÚMERO DE CONTROL | |
| campo de control | 2626 |
| 008 - DATOS DE LONGITUD FIJA--INFORMACIÓN GENERAL | |
| campo de control de longitud fija | 241024s9999 xx 000 0 und d |
| 082 ## - NÚMERO DE LA CLASIFICACIÓN DECIMAL DEWEY | |
| Número de clasificación | RD/370.97293/R426mo/2010 |
| 100 ## - ENTRADA PRINCIPAL--NOMBRE DE PERSONA | |
| Nombre de persona | República Dominicana. Ministerio de Educación, MINERD |
| 245 #0 - MENCIÓN DEL TÍTULO | |
| Título | Modelo pedagógico centrado en el aprendizaje con convergencia de medios. Documento base 1 |
| 260 ## - PUBLICACIÓN, DISTRIBUCIÓN, ETC. | |
| Nombre del editor, distribuidor, etc. | Santo Domingo |
| Fecha de publicación, distribución, etc. | 2010 |
| 901 ## - ELEMENTOS DE DATOS A LOCAL LDA (RLIN) | |
| a | 29/11/2012 11:11:20 a.m. |
No items available.